000 00631nam a22002417a 4500
003 UA-OsUOA
001 65215
007 ta
008 20091118b un ||||| |||| 00| 0 ukr d
100 _aЧичилава Р.
090 _a821.161.2
_bЧ-61
942 _cBK
040 _aUA-OsUOA
_brus
_cUA-OsUOA
_dUA-OsUOA
245 _aЗаписки пессимиста. Маргиналии
300 _a126 с.
955 _a3
041 _arus
080 _a821.161.2
020 _a978-9984-39-276-9
260 _aК.
_c2007
650 7 _a82 Література. Літературознавство
_2UDC
999 _c351303
_d351303